Choose The Only Four Quiz Stats

Quiz Updated Aug 16, 2014

Challenge
Share
Tweet
Embed
Score 0/48 Timer 05:00
9 Plays Today
% Correct
Aristotle
97.3%
Bush
95.8%
Socrates
94.8%
Bambi
93.6%
Adams
93.4%
London
92.6%
Johnson
92.4%
Tarzan
92.3%
Plato
91.4%
Jagger
90.9%
Atlanta
90.5%
Mulan
90.3%
Shaggy
90.2%
Apollo
89.9%
Hercules
89.3%
Rome
88.5%
Velma
88.5%
Streep
88.1%
Fred
87.8%
Harrison
87.8%
Daphne
87.3%
Athena
86.5%
Amsterdam
84.5%
Bing
83.6%
% Correct
Richards
83.5%
Grenada
83.2%
Tribbiani
82.5%
Green
82%
Samoa
80%
Duitsland
79.3%
Andorra
78.9%
Buffay
77.8%
Lawrence
75.9%
Hermes
75.5%
Chirac
74.6%
Frankrijk
73.7%
Epicurus
72.8%
Palau
70%
Mitterrand
69.8%
Wood
69.1%
Sarkozy
68.9%
Slowakije
68.2%
Hera
68%
Hunt
67.1%
Hollande
65%
Watts
61.7%
Ivoorkust
58%
Cotillard
53.9%

You're not logged in!

Compare scores with friends on all Sporcle quizzes.
Sign Up with Email
OR
Log In

You Might Also Like...

Show Comments

Extras

Top Quizzes Today


Score Distribution

Your Account Isn't Verified!

In order to create a playlist on Sporcle, you need to verify the email address you used during registration. Go to your Sporcle Settings to finish the process.